02319nam a2200181 a 450000100080000000500110000800800410001910000220006024501390008226000220022130000100024350000290025352018010028265300130208365300180209665300110211465300120212510114652008-06-30 1986 bl uuuu m 00u1 u #d1 aTHOMAZELLI, L. F. aEstudo sobre adubacao, epocas de colheita e condicoes de armazenamento na producao e qualidade de sementes de cebola (Allium cepa L.). aVicosa: UFVc1986 a78 p. aDissertacao de mestrado. aCom a finalidade de se obterem informacoes sobre o efeito da adubacao, da colheita e qualidade de sementes de cebola, foram conduzidos quatro experimentos. Nos tres primeiros, conduzidos a campo na Estacao Experimental da EMPASC, no Municipio de Cacador-SC, foram avaliados os efeitos de macronutientes (N, P e k); de micronutrientes (B, Zn e Mo), do comprimento da haste floral e da epoca de colheita na producao e qualidade de sementes de cebola. O quarto experimento, referente ao local e ao periodo de armanazenamento, referente ao local e ao periodo de armazenamento na qualidade de sementes de cebola, foi conduzido, em laboratorio, na Univercidade Federal de Vicosa. Os nutrientes nao infuiram na producao e na qualidade fisiologica das sementes, nem na qualidade das mudas produzidas. Foi detectado efeito positivo na producao e na qualidade das sementes colhidas em epocas normais e tardias, quando comparada com a colheita antecipada. Nao houve efeito do comprimento da haste floral na producao de sementes e na qualidade fisiologica das mesmas, pelos testes de germinacao e vigor (primeira contagem, e envelhecimento precose). Pela avaliacao do comprimento da radicula, verificou-se que houve interacao do comprimento da haste floral x epoca de colheita, em que as sementes colhidas em epoca antecipada com 60cm de haste apresentaram maior vigor, enquanto a colheita em epoca normal nao alterou o vigor das sementes pelo comprimento da haste floral. As sementes, acondicionadas em embalagem permeavel e colocadas em camara, a 5??c e a 75 a 80% de umidade relativa, mantiveram a germinacao e o vigor por um periodo de seis meses. As sementes armazenadas em condicoes ambientais, apesar de apresentarem reducao na germinacao, mantiveram-se em niveis, enquanto o vigor descreceu bastante. aADUBACAO aARMAZENAMENTO aCEBOLA aSEMENTE